000 00771nam a2200229Ia 4500
001 4929
003 GE_BSU
008 181216s||||||||xx |||||||||||||| ||und||
040 _cGE_BSU
080 _a624.075.22
100 _aБезухов,Н.И. Лужин,О.В. Колкунов,Н.В.
245 _aУстойчивость и динамика сооружении в примерах и задачах.
245 _bУчебН. пособие.
250 _aИзд 2-ое, перераб. и дополненное.
260 _aМ.
260 _bСтройиздат.
260 _c1969.
300 _a439стр.27см.
300 _eЧертеж. Табл.
653 _aУстойчивость и динамика сооружении.
942 _cBK
999 _c38684
_d38684